00442nam a2200181Ia 4500008004100000020001800041050001400059100002900073245002200102245003200124250001800156260001500174260001600189260000900205300001600214300002000230300001000250170918s9999 xx 000 0 und d a9780545248587 bP223 2010 aParatore, Coleen Murtagh aSweet and sunny / cby Coleen Murtagh Paratore. aFirst edition aNew York : bScholastic, c2010 a178 pages : billustrations : c19cm.